Teórie pôvodného významu štvrtého dodatku ústavy Spojených štátov amerických

Vznik štvrtého dodatku. Pôvodný význam štvrtého dodatku. Zákaz všeobecných súdnych príkazov v štátnych Listinách práv.

Na minha lista:
Detalhes bibliográficos
Autor principal: Futó, Gilbert
Formato: Capítulo de Livro
Idioma:eslovaco
Assuntos:
Tags: Adicionar Tag
Sem tags, seja o primeiro a adicionar uma tag!

MARC

LEADER 00000naa a2200000 4500
001 0253739
005 20240502074049.1
041 0 |a slo 
044 |a SK 
245 1 0 |a Teórie pôvodného významu štvrtého dodatku ústavy Spojených štátov amerických  |c Gilbert Futó 
520 |a Vznik štvrtého dodatku. Pôvodný význam štvrtého dodatku. Zákaz všeobecných súdnych príkazov v štátnych Listinách práv. 
610 2 0 |a ústava 
610 2 0 |a USA 
610 2 0 |a ochrana ľudských práv 
100 1 |a Futó, Gilbert